Sarola Kasar (Record no. 475411)

MARC details
000 -LEADER
fixed length control field 00731nam a2200253Ia 4500
003 - CONTROL NUMBER IDENTIFIER
control field OSt
005 - DATE AND TIME OF LATEST TRANSACTION
control field 20220925164541.0
008 - FIXED-LENGTH DATA ELEMENTS--GENERAL INFORMATION
fixed length control field 220923b |||||||| |||| 00| 0 eng d
037 ## - SOURCE OF ACQUISITION
Terms of availability General Book
040 ## - CATALOGING SOURCE
Original cataloging agency RTL
Transcribing agency RTL
Language of cataloging eng
041 ## - LANGUAGE CODE
Source of code eng
Language code of text/sound track or separate title eng
100 ## - MAIN ENTRY--PERSONAL NAME
Personal name Jagalpure L B
9 (RLIN) 135557
245 #0 - TITLE STATEMENT
Title Sarola Kasar
Remainder of title Study of a Deccan village in famine
260 ## - PUBLICATION, DISTRIBUTION, ETC.
Place of publication, distribution, etc. Ahmednaga
Name of publisher, distributor, etc. L B Jagalpure
Date of publication, distribution, etc. 1938
300 ## - PHYSICAL DESCRIPTION
Extent 462p
Dimensions cm.
500 ## - GENERAL NOTE
General note Bibliography P 461-62
650 ## - SUBJECT ADDED ENTRY--TOPICAL TERM
Topical term or geographic name entry element Rural Sociology
700 ## - ADDED ENTRY--PERSONAL NAME
Personal name Kale K D
9 (RLIN) 135558
942 ## - ADDED ENTRY ELEMENTS (KOHA)
Classification part Y31.235ZB.N4, G8
Koha item type General Books
Source of classification or shelving scheme Colon Classification (CC)
Holdings
Withdrawn status Lost status Damaged status Not for loan Home library Current library Date acquired Total Checkouts Full call number Barcode Date last seen Price effective from Koha item type
        Ratan Tata Library Ratan Tata Library 2022-09-25   Y31.235ZB.N4 G8 RT0023480 2022-09-25 2022-09-25 General Books
Copyright @ Delhi University Library System